Sports Quiz

Random Sports or NCAA Quiz

2015 March Madness Bracket Quiz Stats

Quiz Updated Apr 7, 2015

Challenge
Share
Tweet
Score 0/135 Timer 12:00
3 Plays Today
% Correct
Duke
96.9%
Duke
96.9%
Duke
96.9%
Duke
96.9%
Duke
96.9%
Duke
96.9%
Duke
96.9%
Kentucky
95.2%
Kentucky
95.1%
Kentucky
95.1%
Kentucky
95.1%
Kentucky
95.1%
Wisconsin
91.5%
Wisconsin
91.5%
Wisconsin
91.5%
Wisconsin
91.5%
Wisconsin
91.5%
Wisconsin
91.5%
Michigan State
90.2%
Michigan State
90.2%
Michigan State
90.2%
Michigan State
90.2%
Michigan State
90.2%
North Carolina
88.2%
North Carolina
88.2%
North Carolina
88.2%
Kansas
86.1%
Kansas
86%
Villanova
81.2%
Villanova
80.9%
Arizona
80.9%
Arizona
80.6%
Arizona
80.6%
Arizona
80.6%
UCLA
78.9%
UCLA
78.7%
UCLA
78.7%
Texas
78.5%
Virginia
77.3%
Virginia
77%
Iowa
76.6%
Iowa
76.3%
Gonzaga
75.6%
Louisville
75.6%
Louisville
75.4%
% Correct
Louisville
75.4%
Louisville
75.4%
Gonzaga
75.3%
Gonzaga
75.3%
Gonzaga
75.3%
Oklahoma
75.1%
Oklahoma
74.9%
Oklahoma
74.9%
Ohio State
74.8%
Ohio State
74.4%
Oregon
73.9%
Oregon
73.7%
Notre Dame
71.7%
Notre Dame
71.4%
Notre Dame
71.4%
Notre Dame
71.4%
North Carolina State
70.8%
North Carolina State
70.8%
Iowa State
70.2%
North Carolina State
69.7%
Georgia
69.3%
Indiana
68.6%
Wichita State
67.7%
Wichita State
67.4%
Wichita State
67.4%
Baylor
66.1%
West Virginia
65.4%
West Virginia
65.1%
West Virginia
65.1%
Maryland
64%
Maryland
63.6%
Butler
62.7%
Butler
62.3%
LSU
61%
Utah
60.9%
Oklahoma State
60.7%
Utah
60.5%
Utah
60.5%
Harvard
58.8%
Purdue
58.6%
Xavier
57.5%
Georgetown
57.3%
Xavier
57.2%
Xavier
57.2%
Georgetown
56.9%
% Correct
Arkansas
55.2%
VCU
54.7%
Arkansas
54.7%
Cincinnati
54.5%
Cincinnati
54%
Dayton
53.6%
Dayton
53.1%
Dayton
53.1%
Ole Miss
49.2%
Ole Miss
48.6%
Georgia State
47.9%
Georgia State
47.3%
BYU
47%
Northern Iowa
45.4%
San Diego State
44.5%
Northern Iowa
44.4%
SMU
44.3%
San Diego State
44%
Providence
43.7%
New Mexico State
42.2%
UAB
40.2%
UAB
39.6%
St. John's
39%
Buffalo
37%
Davidson
36.1%
Wyoming
35.6%
Stephen F. Austin
33.9%
Hampton
33.8%
Boise State
33.7%
North Dakota State
33.1%
Hampton
33%
Valparaiso
29.8%
Albany
28.9%
Belmont
26.2%
UC Irvine
26.2%
Coastal Carolina
25.7%
Manhattan
25.1%
Northeastern
25%
Wofford
25%
Robert Morris
24.7%
Robert Morris
24%
Eastern Washington
23.1%
Lafayette
21%
Texas Southern
21%
North Florida
20.6%

You're not logged in!

Compare scores with friends on all Sporcle quizzes.
Join for Free
OR
Log In

You Might Also Like...

Show Comments

Extras

Top Quizzes Today


Score Distribution

Your Account Isn't Verified!

In order to create a playlist on Sporcle, you need to verify the email address you used during registration. Go to your Sporcle Settings to finish the process.

Report this User

Report this user for behavior that violates our Community Guidelines.

Details: